Królowie Polski po emotkach - Statystyki

Ogólne statystyki
  • Ten quiz został rozwiązany 633 razy
    617 od ostatniego zresetowania
  • Średni wynik to 9 z 15
Statystyki odpowiedzi
Emotki Król % Poprawnych
Kazimierz III Wielki
95%
Bolesław Chrobry
91%
Władysław II Jagiełło
90%
Jadwiga
84%
Stanisław August Poniatowski
74%
Zygmunt III Waza
69%
Jan III Sobieski
57%
August II Mocny
54%
Ludwik
54%
Władysław III Warneńczyk
53%
Stefan Batory
47%
Kazimierz Odnowiciel
44%
Leszek Biały
24%
Leszek Czarny
23%
Bezprym
7%
Nie znaleziono quizów pasujących do podanych kryteriów
Rozkład punktacji
Procent ludzi z każdym wynikiem
Percentyl według liczby udzielonych odpowiedzi
Twoja historia wyników
Nie rozwiązałeś tego quizu od ostatniego zresetowania